LEADER 01040oam 2200193z- 450 001 996392953003316 005 20200818230730.0 035 $a(CKB)4940000000113128 035 $a(EEBO)2248516831 035 $a(EXLCZ)994940000000113128 100 $a20191209c1690uuuu -u- - 101 0 $aeng 200 14$aThe late converts exposed: or The reasons of Mr. Bays's changing his religion. Considered in a dialogue. Part the second. With reflections on the life of St. Xavier. Don Sebastian King of Portugal. As also the fable of the bat and the birds. Licensed, Ja 210 $aEngland$cPrinted for Thomas Bennet, at the sign of the Half-Moon in St. Paul's Church-Yard 700 $aBrown$b Thomas$0151419 906 $aBOOK 912 $a996392953003316 996 $aThe late converts exposed: or The reasons of Mr. Bays's changing his religion. Considered in a dialogue. Part the second. With reflections on the life of St. Xavier. Don Sebastian King of Portugal. As also the fable of the bat and the birds. Licensed, Ja$92397658 997 $aUNISA LEADER 01215nam a22002891i 4500 001 991000067409707536 005 20031014091843.0 008 031111s1985 ru a||||||||||||||||ita 035 $ab12565660-39ule_inst 035 $aARCHE-059892$9ExL 040 $aDip.to Lingue$bita$cA.t.i. Arché s.c.r.l. Pandora Sicilia s.r.l. 082 04$a491.75 100 1 $aVasilenko, Elena Ivanovna$0458819 245 14$aGli aspetti del verbo russo /$cE. Vasilenko, A. Egorova, E. Lamm 246 13$aVidy russkogo glagola (Titolo parallelo) 260 $aMosca :$bRusskij jazyk,$c1985 300 $a230 p. :$bill. ;$c21 cm 650 4$aLingua russa$xVerbi 700 1 $aLamm, Emma Samojlovna 700 1 $aEgorova, Anna Fedorovna$eauthor$4http://id.loc.gov/vocabulary/relators/aut$0737523 907 $a.b12565660$b02-04-14$c13-11-03 912 $a991000067409707536 945 $aLE012 491.75 VAS$g1$i2012000043886$lle012$o-$pE0.00$q-$rl$s- $t0$u4$v0$w4$x0$y.i13019120$z13-11-03 945 $aLE012 491.75 VAS 1/A$g2$i2012000093966$lle012$o-$pE0.00$q-$rl$s- $t0$u3$v1$w3$x0$y.i13896866$z15-10-04 996 $aAspetti del verbo russo$91460061 997 $aUNISALENTO 998 $ale012$b13-11-03$cm$da $e-$fita$gru $h4$i1